000
00264nam a2200109Ia 4500
008
200302s9999 xx 000 0 und d
100
_a
Mitchell Beazley
245
_a
Colourhealinghome
260
_b
Octopus Publishing Group Ltd.
260
_c
2000
300
_a
127 P.,
999
_c
1474
_d
1474